000 00552nam a2200145Ia 4500
008 090122s9999 xx 000 0 und d
082 _b6717
_a403
100 _a"नेने,"
_bदेवरे
_cदाते
245 _aहिंदुस्तानी - मराठी शब्दकोश
600 _a"नेने,"
630 _aहिंदुस्तानी - मराठी शब्दकोश
700 _a"नेने,"
730 _aहिंदुस्तानी - मराठी शब्दकोश
942 _cBOOK
999 _c30794
_d30794